[Event "Dresden ZMD op"]
[Site "Dresden"]
[Date "2008.07.19"]
[Round "1"]
[White "Catrais, Michael"]
[Black "Yemelin, Vasily"]
[Result "0-1"]
[WhiteElo "1919"]
[BlackElo "2579"]
[PlyCount "56"]
[EventDate "2008.07.19"]
[EventType "swiss"]
[EventRounds "9"]
[EventCountry "GER"]
[SourceTitle "CBM 125 Extra"]
[Source "ChessBase"]
[SourceDate "2008.09.01"]
[SourceVersion "1"]
[SourceVersionDate "2008.09.01"]
[SourceQuality "1"]

1. e4 c5 2. Nf3 e6 3. d4 cxd4 4. Nxd4 a6 5. Nc3 b5 6. Bd3 Qc7 7. 0-0 Bb7 8. a4 b4 9. Na2 Nf6 10. Qe2 Nc6 11. c3 Nxd4 12. cxd4 Qb6 13. d5 Bc5 14. Bg5 Bd4 15. a5 Qxa5 16. Nc3 Qc7 17. Na4 0-0 18. Rac1 Qe5 19. Bxf6 Qxf6 20. Rc7 Bc8 21. Rfc1 g6 22. Qc2 exd5 23. exd5 d6 24. Qc6 Qxf2+ 25. Kh1 Bh3 26. Be4 Rae8 27. Qc2 Bxg2+ 28. Bxg2 Re1+ 0-1

[Event "Niedersachsen-chT U14"]
[Site "Verden"]
[Date "2006.05.26"]
[Round "3.3"]
[White "Catrais, Michael"]
[Black "Walther, Jonas"]
[Result "1/2-1/2"]
[WhiteElo "1733"]
[BlackElo "1577"]
[PlyCount "58"]
[EventDate "2006.05.25"]
[EventType "team"]
[EventRounds "7"]
[EventCountry "GER"]
[SourceTitle "EXT 2007"]
[Source "ChessBase"]
[SourceDate "2006.11.23"]
[SourceVersion "1"]
[SourceVersionDate "2006.11.23"]
[SourceQuality "1"]

1. e4 e5 2. Nf3 Nf6 3. Nc3 Nc6 4. a3 d6 5. d4 Bg4 6. Bb5 a6 7. Bxc6+ bxc6 8. dxe5 Bxf3 9. Qxf3 dxe5 10. Be3 Bd6 11. 0-0 0-0 12. Rfd1 Rb8 13. Rab1 Qe7 14. Bg5 h6 15. Bh4 Qe6 16. Ne2 g5 17. Bg3 Rb6 18. a4 a5 19. h4 Kg7 20. Qe3 Ng4 21. Qc3 Bb4 22. Qd3 Bd6 23. Rf1 f5 24. exf5 Rxf5 25. Nc3 Be7 26. Qd2 Rf8 27. h5 Rb4 28. b3 Qf5 29. Rbe1 Bd6 1/2-1/2

[Event "Niedersachsen-ch U16"]
[Site "Rotenburg/Wuemme"]
[Date "2006.04.10"]
[Round "4"]
[White "Sauer, Norwin"]
[Black "Catrais, Michael"]
[Result "1-0"]
[WhiteElo "1812"]
[BlackElo "1607"]
[PlyCount "119"]
[EventDate "2006.04.08"]
[EventType "swiss"]
[EventRounds "9"]
[EventCountry "GER"]
[SourceTitle "EXT 2007"]
[Source "ChessBase"]
[SourceDate "2006.11.23"]
[SourceVersion "1"]
[SourceVersionDate "2006.11.23"]
[SourceQuality "1"]

1. d4 Nf6 2. Nf3 d5 3. c4 e6 4. Bg5 h6 5. Bh4 Bb4+ 6. Nc3 0-0 7. e3 b6 8. cxd5 exd5 9. Bd3 Bb7 10. 0-0 Nbd7 11. Ne5 Be7 12. f4 c5 13. Qf3 Re8 14. Bf5 Rb8 15. Qh3 Nxe5 16. fxe5 Ne4 17. Nxe4 dxe4 18. e6 fxe6 19. Bg6 Bxh4 20. Bxe8 Qxe8 21. Qxh4 cxd4 22. exd4 Qa4 23. Qf2 Qd7 24. Kh1 Rd8 25. Qe2 Qd5 26. Rac1 Rd7 27. b3 Qg5 28. Rc3 e3 29. Rg1 Rxd4 30. Rxe3 Rh4 31. Rc3 Qf4 32. Qxe6+ Kh7 33. Rh3 Rg4 34. Qe1 Qf5 35. Rg3 Rxg3 36. Qxg3 Qc2 37. a3 Bd5 38. b4 Qf5 39. h3 a6 40. Kh2 a5 41. bxa5 bxa5 42. Re1 Be4 43. Re3 Qd5 44. Qc7 a4 45. Rg3 Bg6 46. Qb6 Qe4 47. Qb4 Qc6 48. Rg4 Qc7+ 49. Qf4 Qc5 50. Qxa4 Qd6+ 51. Rg3 Qe5 52. Qb4 Be4 53. Qc3 Qe7 54. Qd4 Bg6 55. a4 h5 56. h4 Be4 57. Rg5 Qc7+ 58. Qe5 Qxe5+ 59. Rxe5 Bg6 60. Kg3 1-0

[Event "Niedersachsen-chT U16"]
[Site "Lingen"]
[Date "2005.05.06"]
[Round "4.4"]
[White "Warnecke, Jan Niklas"]
[Black "Catrais, Michael"]
[Result "0-1"]
[WhiteElo "947"]
[BlackElo "1412"]
[PlyCount "62"]
[EventDate "2005.05.05"]
[EventType "team"]
[EventRounds "5"]
[EventCountry "GER"]
[SourceTitle "EXT 2007"]
[Source "ChessBase"]
[SourceDate "2006.11.23"]
[SourceVersion "1"]
[SourceVersionDate "2006.11.23"]
[SourceQuality "1"]

1. e4 c5 2. Nf3 Nc6 3. Bc4 g6 4. c3 Bg7 5. d4 cxd4 6. cxd4 Qb6 7. e5 Qb4+ 8. Nbd2 Nh6 9. 0-0 0-0 10. b3 d6 11. a3 Qb6 12. Bb2 Rd8 13. Re1 d5 14. Be2 Nf5 15. b4 Ncxd4 16. Nxd4 Nxd4 17. Nf1 Bxe5 18. Bg4 Bxg4 19. Qxg4 Bf6 20. Rac1 e6 21. Rcd1 Nf3+ 22. Qxf3 Bxb2 23. Rd2 Bg7 24. Qe2 Rac8 25. Ne3 Bc3 26. Rc2 Bxe1 27. Rxc8 Rxc8 28. Qxe1 Qc6 29. Nd1 Qa4 30. Qe3 Qxd1+ 31. Qe1 Qxe1# 0-1

[Event "Niedersachsen-chT U16"]
[Site "Verden"]
[Date "2004.05.21"]
[Round "3.3"]
[White "Catrais, Michael"]
[Black "Marquis, Julien"]
[Result "1/2-1/2"]
[WhiteElo "1356"]
[BlackElo "1109"]
[PlyCount "105"]
[EventDate "2004.05.20"]
[EventType "team"]
[EventRounds "7"]
[EventCountry "GER"]
[SourceTitle "EXT 2005"]
[Source "ChessBase"]
[SourceDate "2004.11.15"]
[SourceVersion "1"]
[SourceVersionDate "2004.11.15"]
[SourceQuality "1"]
[WhiteTeam "04"]
[BlackTeam "07"]
[WhiteTeamCountry "GER"]
[BlackTeamCountry "GER"]

1. e4 e5 2. f4 d6 3. Nf3 Bg4 4. Bc4 Nf6 5. Nc3 Nc6 6. 0-0 Be7 7. d3 0-0 8. h3 Bxf3 9. Qxf3 Nd4 10. Qf2 c6 11. Be3 b5 12. Bb3 Qb6 13. Kh1 a5 14. a4 c5 15. Nd5 Nxd5 16. Bxd5 Rae8 17. fxe5 dxe5 18. Bxd4 exd4 19. axb5 Qxb5 20. Bxf7+ Kh8 21. Bxe8 Qxe8 22. Qd2 Rxf1+ 23. Rxf1 h6 24. Qxa5 Bd6 25. Qb6 Qe5 26. Kg1 Qh2+ 27. Kf2 Qg3+ 28. Ke2 Qxg2+ 29. Rf2 Qg3 30. Qd8+ Kh7 31. Qd7 Qe3+ 32. Kf1 Bg3 33. Qf5+ Kh8 34. Rf3 Qc1+ 35. Kg2 Bd6 36. e5 Be7 37. Qe6 Qg5+ 38. Rg3 Qd2+ 39. Kh1 Qd1+ 40. Kh2 Qd2+ 41. Rg2 Qf4+ 42. Kg1 Qe3+ 43. Kh1 Bg5 44. Qc8+ Kh7 45. Qf5+ Kh8 46. Rf2 Qe1+ 47. Kg2 Bh4 48. Rf1 Qe2+ 49. Kh1 Bg3 50. Qf8+ Kh7 51. Qf5+ Kg8 52. Qe6+ Kh7 53. Qf5+ 1/2-1/2

[Event "Niedersachsen-chT U16"]
[Site "Verden"]
[Date "2004.05.20"]
[Round "2.3"]
[White "Schneider, Matthias"]
[Black "Catrais, Michael"]
[Result "1/2-1/2"]
[WhiteElo "1506"]
[BlackElo "1356"]
[PlyCount "77"]
[EventDate "2004.05.20"]
[EventType "team"]
[EventRounds "7"]
[EventCountry "GER"]
[SourceTitle "EXT 2005"]
[Source "ChessBase"]
[SourceDate "2004.11.15"]
[SourceVersion "1"]
[SourceVersionDate "2004.11.15"]
[SourceQuality "1"]
[WhiteTeam "06"]
[BlackTeam "04"]
[WhiteTeamCountry "GER"]
[BlackTeamCountry "GER"]

1. Nf3 Nf6 2. g3 e6 3. Bg2 d5 4. 0-0 Bd6 5. c4 0-0 6. Qb3 Nbd7 7. Nc3 Nc5 8. Qc2 c6 9. d4 Ncd7 10. cxd5 exd5 11. Bg5 h6 12. Bc1 Re8 13. Nd2 Nb6 14. e4 dxe4 15. Ndxe4 Bf5 16. Nxf6+ Qxf6 17. Qd1 Rad8 18. Be3 Nc4 19. Qc1 Bc7 20. d5 Nxe3 21. fxe3 Bb6 22. Re1 Qg5 23. Kf2 Qf6 24. Kg1 Rxe3 25. Rxe3 Re8 26. Nd1 Bg4 27. Qc2 Bxd1 28. Rxd1 Rxe3 29. Kh1 Qe5 30. dxc6 Re1+ 31. Bf1 Rxd1 32. Qxd1 bxc6 33. b3 Kf8 34. Kg2 Ke7 35. Qe2 Qxe2+ 36. Bxe2 Ke6 37. Kf3 Ke5 38. Bc4 f6 39. Kg4 1/2-1/2